Statystyki dla Flagi państw, leżących w Himalajach

Kliknij tutaj aby rozwiązać quiz!

Ogólne statystyki

  • Ten quiz został rozwiązany 45 razy
  • Średni wynik to 6 z 6

Statystyki odpowiedzi

Odpowiedź% Poprawnych
Chiny
100%
Indie
100%
Nepal
100%
Pakistan
93%
Bhutan
90%
Mjanma
71%

Rozkład punktacji

Percentyl według liczby udzielonych odpowiedzi

Procent ludzi z każdym wynikiem

Twoja historia wyników

Nie rozwiązałeś tego quizu